Szczegóły MARC21

O potrzebie dialogu kultur i ludzi /

003 -Nazwa inst., której nr kontr. jest w polu 001 [,]
    • @
    • Nazwa instytucji, której n kontrolny jest w polu 001
    • NUKAT
005 -DATA I CZAS OSTATNIEJ MODYFIKACJI [,]
    • @
    • pole kontrolne
    • 20241231085724.0
020 -Międzynarod. znormalizowany nr książki - ISBN [ , ]
    • a
    • Numer ISBN
    • 8388149318 Find
040 -Instytucja sporządzająca opis [ , ]
    • a
    • Instytucja, która sporządziła opis (NP)
    • KR 303/ara
    • c
    • Instytucja, która sporządziła rekord (NP)
    • KR 303/ara
    • d
    • Instytucja, która zmodyfikowała rekord (P)
    • KR 303/as
    • d
    • Instytucja, która zmodyfikowała rekord (P)
    • KR 303/RAMs
    • d
    • Instytucja, która zmodyfikowała rekord (P)
    • GL 001/EZN
041 -Język dokumentu [1, ]
    • a
    • Język tekstu (P)
    • polski
    • a
    • Język tekstu (P)
    • białoruski
    • a
    • Język tekstu (P)
    • czeski
    • a
    • Język tekstu (P)
    • niemiecki
    • a
    • Język tekstu (P)
    • rosyjski
    • a
    • Język tekstu (P)
    • ukraiński
    • h
    • Język tekstu oryginalnego i/lub pośredniego (P)
    • białoruski
    • h
    • Język tekstu oryginalnego i/lub pośredniego (P)
    • czeski
    • h
    • Język tekstu oryginalnego i/lub pośredniego (P)
    • niemiecki
    • h
    • Język tekstu oryginalnego i/lub pośredniego (P)
    • rosyjski
    • h
    • Język tekstu oryginalnego i/lub pośredniego (P)
    • ukraiński
942 -Rodzaj dokumentu [ , ]
    • c
    • Rodzaj dokumentu
    • Książka
245 -Strefa tytułu i oznaczenia odpowiedzialności [0,0]
    • a
    • Tytuł
    • O potrzebie dialogu kultur i ludzi / Find
    • c
    • Pozostałe elementy strefy tytułu i oznaczenia odpowiedzialności (NP)
    • red. Tadeusz Pilch.
260 -Strefa adresu wydawniczego [ , ]
    • a
    • Miejsce wydania (P)
    • Warszawa :
    • b
    • Nazwa wydawcy (P)
    • Wydawnictwo Akademickie "Żak",
    • c
    • Data wydania (P)
    • 2000.
300 -Strefa opisu fizycznego [ , ]
    • a
    • Określenie formy książki i/lub objętość (NP)
    • 437 s. ;
    • c
    • Format (NP)
    • 21 cm.
336 -Typ zawartości [ , ]
    • a
    • Termin opisujący typ zawartości
    • Tekst
    • b
    • Kod określający zawartość
    • txt
    • 2
    • Źródło (terminu i kodu)
    • rdacontent
337 -Typ mediów [ , ]
    • a
    • Tryb odtwarzania
    • Bez urządzenia pośredniczącego
    • b
    • Kod typu mediów
    • n
    • 2
    • Źródło (terminu i kodu)
    • rdamedia
338 -Typ/rodzaj nośnika [ , ]
    • a
    • Hasło opisujące typ nośnika
    • Wolumin
    • b
    • Kod typu nośnika
    • nc
    • 2
    • Źródło (terminu i kodu)
    • rdacarrier
504 -Uwaga dot. bibliogr. załącznikowej [ , ]
    • a
    • Uwaga dot. bibliografii załącznikowej
    • Bibliogr. przy rozdz.
546 -Uwaga dot. języka [ , ]
    • a
    • Uwaga dot. języka
    • Teksty część. równol. białorus., czes., pol., ros., ukr. i w tł. na pol.
080 -Uniwersalna Klasyfikacja Dziesiętna [ , ]
    • a
    • Symbol klasyfikacji
    • 316.75(082.2)=00
080 -Uniwersalna Klasyfikacja Dziesiętna [ , ]
    • a
    • Symbol klasyfikacji
    • :316.613.4(082.2)=00
080 -Uniwersalna Klasyfikacja Dziesiętna [ , ]
    • a
    • Symbol klasyfikacji
    • :37.03(082.2)=00
080 -Uniwersalna Klasyfikacja Dziesiętna [ , ]
    • a
    • Symbol klasyfikacji
    • :316.64(082.2)=00
650 -Hasło przedmiotowe [ ,7]
    • a
    • Hasło przedmiotowe
    • Tolerancja
    • x
    • Określnik rzeczowy
    • aspekt społeczny.
    • 2
    • Źródło terminu
    • kaba
    • 9
    • KHW
    • 469459
650 -Hasło przedmiotowe [ ,7]
    • a
    • Hasło przedmiotowe
    • Edukacja międzykulturowa
    • z
    • Określnik geograficzny
    • Europa Środkowa
    • y
    • Określnik chronologiczny
    • 1990-.
    • 2
    • Źródło terminu
    • kaba
    • 9
    • KHW
    • 399334
650 -Hasło przedmiotowe [ ,7]
    • a
    • Hasło przedmiotowe
    • Pluralizm kulturowy
    • z
    • Określnik geograficzny
    • Europa Środkowa.
    • 2
    • Źródło terminu
    • kaba
    • 9
    • KHW
    • 480670
980 -Symbol UKD [ , ]
    • a
    • UKD
    • 316.75:316.613.4:37.03:316.64](082.2)=00
700 -Hasło dodatkowe - nazwa osobowa [1, ]
    • a
    • Nazwa osobowa (NP)
    • Pilch, Tadeusz Find
    • d
    • Daty biograficzne (NP)
    • (1939- ).
    • e
    • Określenie rodzaju współpracy
    • Red.
    • 9
    • KHW
    • 77602
710 -Hasło dodatkowe - nazwa ciała zbiorowego [2, ]
    • a
    • Nazwa ciała zbiorowego lub nazwa geograficzna jako pierwszy element (NP)
    • Wydawnictwo Akademickie Żak.
    • 4
    • Kod relacji
    • pbl
    • 9
    • KHW
    • 56877
920 -ISBN [ , ]
    • a
    • ISBN
    • 83-88149-31-8 Find
Numer inwentarzowy Status udost. Data inwentaryzacji Lokalizacja
Pd.1429112001-10-12BG